Con tàu chó biển = Le chien des mers

Gespeichert in:
Bibliographische Detailangaben
1. Verfasser: Fortuné Chalumeau
Format: Buch
Sprache:Undetermined
Veröffentlicht: Hội Nhà Văn 1998
Schlagworte:
Tags: Tag hinzufügen
Keine Tags, Fügen Sie den ersten Tag hinzu!
Thư viện lưu trữ: Trung tâm Học liệu Trường Đại học Cần Thơ
LEADER 00514nam a2200181Ia 4500
001 CTU_53166
008 210402s9999 xx 000 0 und d
020 |b 34000 
082 |a 843.9 
082 |b C441 
100 |a Fortuné Chalumeau 
245 0 |a Con tàu chó biển 
245 0 |b = Le chien des mers 
245 0 |c Fortuné Chalumeau; Vũ Đình Bình dịch 
260 |b Hội Nhà Văn 
260 |c 1998 
650 |a french fiction 
980 |a Trung tâm Học liệu Trường Đại học Cần Thơ